| 000 | 00559nam a2200205Ia 4500 | ||
|---|---|---|---|
| 999 |
_c36427 _d36427 |
||
| 001 | 2341 | ||
| 003 | GE_BSU | ||
| 005 | 20221027102747.0 | ||
| 008 | 181216s2007az xx |||||||||||||| ||aze|| | ||
| 040 | _cGE_BSU | ||
| 041 | _aaze | ||
| 080 | _a069 A-36 | ||
| 100 |
_aAliyev, Heydar. _915566 |
||
| 245 |
_aMuzeyi.The museum of Heydar Aliev / _cHeydar A liyev. |
||
| 264 |
_aNaxgivan, _c2007. |
||
| 300 | _a19 p.: | ||
| 653 | _aMuzeyi.The museum of Heydar Aliev | ||
| 653 | _aჰეიდარ ალიევის მუზეუმი | ||
| 942 |
_cBK _2udc |
||